000 00430nam a22001337a 4500
008 190618b xxu||||| |||| 00| 0 eng d
050 _aAG 5
_b.M378 1993 vol.15
100 _aMargaret E. Martignoni
245 _aCollier's junior classic:
_bon the high seas/
_cMargaret E. Martignoni
260 _aNew York:
_bP.F. Collier, Inc.
_c1993.
300 _a181 p. ; col. ill. : 240 cm.
440 _aOn the high seas/
942 _2lcc
_cBK
999 _c361894
_d361894